000 00400 a2200121 4500
001 ART_45581
005 20260410161939.0
008 260409a
245 1 0 _aConflict, wage determination, and hysteresis in U.K. wage determination
100 1 _aArestis, Philip
700 1 _aSkott, Peter
773 0 _tJournal of post Keynesian economics
_g- Vol. 15, NÂș 3 (mar. 1993)
_wREV26226
999 _c29353
_d29353